LEADER 00943nam0-22003011i-450- 001 990005655250403321 005 20140902130933.0 035 $a000565525 035 $aFED01000565525 035 $a(Aleph)000565525FED01 035 $a000565525 100 $a19990604d1921----km-y0itay50------ba 101 0 $ager 105 $ay-------001yy 200 1 $aPhysik und Hypothese$eVersuch einer induktiven Wissenschaftslehre nebst einer kritischen Analyse der fundamente der Relativätstheorie$fvon Dr. Hugo Dingler 210 $aBerlin-Leipzig$cWalter De Gruyter & Co.$d1921 215 $aXI, 200 p.$d24 cm 610 0 $aRicerca scientifica$aMetodo 676 $a501$v20 676 $a114$v20 700 1$aDingler,$bHugo$04583 801 0$aIT$bUNINA$gRICA$2UNIMARC 901 $aBK 912 $a990005655250403321 952 $a114 DIN 1$bIST.ST.FIL. 2064$fFLFBC 959 $aFLFBC 996 $aPhysik und Hypothese$9600813 997 $aUNINA LEADER 01122nam0-2200385li-450 001 990000252930203316 005 20180312154845.0 010 $a0-471-02933-5 035 $a0025293 035 $aUSA010025293 035 $a(ALEPH)000025293USA01 035 $a0025293 100 $a20001109d1982----km-y0itay0103----ba 101 0 $aeng 102 $aUS 200 1 $aFundamentals of acoustics$fLawrence E. Kinsler ... [et al.] 205 $a3rd ed 210 $aNew York [etc.]$cJohn Wiley & Sons$d1982 215 $aXVI, 480 p.$cill.$d25 cm 610 1 $aacustica architettonica 610 1 $aacustica subacquea 610 1 $aonde sonore 676 $a534$9Suono e vibrazioni connesse 702 1$aKinsler,$bLawrence E. 801 $aSistema bibliotecario di Ateneo dell' Università di Salerno$gRICA 912 $a990000252930203316 951 $a534 FUN$b0000296 959 $aBK 969 $aTEC 979 $c19900322 979 $c20001110$lUSA01$h1715 979 $c20020403$lUSA01$h1633 979 $aPATRY$b90$c20040406$lUSA01$h1618 996 $aFundamentals of acoustics$9805196 997 $aUNISA